Statistics for Countries Bordering Germany in 1914 Empty Map Quiz

Click here to take the quiz!

General Stats

  • This quiz has been taken 1,332 times
  • The average score is 8 of 8

Answers on the Map

Answers color-coded by a green-red scale on the quiz's map according to % correct below.
 

Answer Stats

Countries% Correct
Austria-Hungary
99%
Belgium
99%
France
99%
Denmark
98%
Luxembourg
98%
Netherlands
98%
Switzerland
98%
Russia
97%

Score Distribution

Percentile by Number Answered

Percent of People with Each Score

Your Score History

You have not taken this quiz